000
00276nam a2200109Ia 4500
008
220204s9999 xx 000 0 und d
082
_a
532
_b
GAL.3
245
0
_a
Finite elements in fluids. V 3
260
_a
Chicheter
_b
John Wiley
_c
1978
700
_a
Gallagher, R H
942
_c
BK
999
_c
32365
_d
32365